| 000 | 00371nam a22001457a 4500 | ||
|---|---|---|---|
| 003 | macl | ||
| 005 | 20180427151548.0 | ||
| 008 | 180427b xxu||||| |||| 00| 0 eng d | ||
| 040 | _cmacl | ||
| 100 |
_aRamesh Singh _972415 |
||
| 245 | _aINDIAN ECONOMY FOR CIVIL SERVICES EXAMINATION | ||
| 260 |
_aChennai _bMcgraw hill _c2017 |
||
| 600 |
_aEconomy _972416 |
||
| 942 |
_2ddc _cBK |
||
| 999 |
_c58003 _d58003 |
||